00398 2200169 4500245003400000020001800034250001100052100001200063650001700075005001900092260004100111041001400152084001000166300003200176336000900208338001100217 aKartika Vol. 1cNunik ThText a979-20-4297-0 aCet. 1 aNunik T aKomik Remaja a20230131091232 aJakartabElex Media Komputindoc2006 aIndonesia a741.5 a... jil. :bilus. ;c17 cm. atext avolume